Geography and Health: (Record no. 52155)

000 -LEADER
fixed length control field 00399nam a22001457a 4500
020 ## - INTERNATIONAL STANDARD BOOK NUMBER
ISBN 81-7648-588-8
082 ## - DEWEY DECIMAL CLASSIFICATION NUMBER
Classification number 910.161
Item number NIL/G
100 ## - MAIN ENTRY--AUTHOR NAME
Personal name Nilofar Izhar
245 ## - TITLE STATEMENT
Title Geography and Health:
Sub Title a study in medical geography/
Statement of responsibility, etc by Nilofar Izhar
260 ## - PUBLICATION, DISTRIBUTION, ETC. (IMPRINT)
Place of publication New Delhi:
Name of publisher A.P.H.Publishing Corporation,
Year of publication 2014.
300 ## - PHYSICAL DESCRIPTION
Number of Pages 379.p
650 ## - SUBJECT ADDED ENTRY--TOPICAL TERM
Topical Term Medical Geography
650 ## - SUBJECT ADDED ENTRY--TOPICAL TERM
Topical Term Geography
942 ## - ADDED ENTRY ELEMENTS (KOHA)
Koha item type Book
Holdings
Withdrawn status Lost status Damaged status Not for loan Permanent Location Current Location Shelving location Date acquired Cost, normal purchase price Full call number Accession Number Price effective from Koha item type
        Sree Sankaracharya University of Sanskrit Sree Sankaracharya University of Sanskrit Stacks 26.03.2015 795.00 910.161 NIL/G 074590 26.03.2015 Book